000 00452nam a2200157Ia 4500
008 240729s9999 xx 000 0 und d
022 _a2708-9134
245 0 _aLiaquat National Journal of Primary Care
260 _aPakistan
260 _bLiaquat National Hospital and Medical College
650 _a Medicine (General)
650 _aMedicine
856 _uhttps://doaj.org/toc/c74e1f47cb9e4982bde81d931cfa4052
942 _2ddc
942 _cDOAJEJ
999 _c70066
_d70066
945 _a1
_bMadushi Gamage
_c1
_dMadushi Gamage